Vibrations and waves in physics (Record no. 7739)

MARC details
000 -LEADER
fixed length control field 00580nam a22002177a 4500
003 - CONTROL NUMBER IDENTIFIER
control field OSt
005 - DATE AND TIME OF LATEST TRANSACTION
control field 20220225102849.0
008 - FIXED-LENGTH DATA ELEMENTS--GENERAL INFORMATION
fixed length control field 220225b ||||| |||| 00| 0 eng d
020 ## - INTERNATIONAL STANDARD BOOK NUMBER
International Standard Book Number 0521447011
040 ## - CATALOGING SOURCE
Transcribing agency DDC
082 ## - DEWEY DECIMAL CLASSIFICATION NUMBER
Classification number 531.32 MAI 1993
100 ## - MAIN ENTRY--PERSONAL NAME
Personal name Main, Iain G.
9 (RLIN) 15793
245 ## - TITLE STATEMENT
Title Vibrations and waves in physics
250 ## - EDITION STATEMENT
Edition statement 3rd ed.
260 ## - PUBLICATION, DISTRIBUTION, ETC. (IMPRINT)
Place of publication, distribution, etc. New York:
Name of publisher, distributor, etc. Cambridge University Press;
Date of publication, distribution, etc. 1993.
300 ## - PHYSICAL DESCRIPTION
Extent xviii, 359 p. :
Other physical details ill. ;
Dimensions 24 cm.
504 ## - BIBLIOGRAPHY, ETC. NOTE
Bibliography, etc Includes index.
650 ## - SUBJECT ADDED ENTRY--TOPICAL TERM
Topical term or geographic name as entry element Vibration.
9 (RLIN) 8045
650 ## - SUBJECT ADDED ENTRY--TOPICAL TERM
Topical term or geographic name as entry element Waves.
9 (RLIN) 8027
942 ## - ADDED ENTRY ELEMENTS (KOHA)
Source of classification or shelving scheme Dewey Decimal Classification
Koha item type Open Shelf
Holdings
Withdrawn status Lost status Source of classification or shelving scheme Damaged status Not for loan Home library Current library Date acquired Source of acquisition Inventory number Total Checkouts Full call number Barcode Date last seen Price effective from Koha item type
    Dewey Decimal Classification     MUST Main Library MUST Main Library 25/02/2022 Purchase 05/24483   531.32 MAI 1993 2022-0294 25/02/2022 25/02/2022 Open Shelf
    Dewey Decimal Classification     MUST Main Library MUST Main Library 20/06/2024 Purchase 05/24481   531.32 MAI 1993 2024-20939 20/06/2024 20/06/2024 Open Shelf
    Dewey Decimal Classification     MUST Main Library MUST Main Library 20/06/2024 Purchase 04/22786   531.32 MAI 1993 2024-20940 20/06/2024 20/06/2024 Open Shelf